[Event "Niedersachsen-ch op-B"]
[Site "Verden"]
[Date "2012.01.05"]
[Round "7"]
[White "Arens, Fabian"]
[Black "Schroeder, Mariusz"]
[Result "0-1"]
[WhiteElo "738"]
[BlackElo "1091"]
[PlyCount "64"]
[EventDate "2012.01.02"]
[EventType "swiss"]
[EventRounds "7"]
[EventCountry "GER"]
[SourceTitle "EXT 2021"]
[Source "ChessBase"]
[SourceDate "2020.10.23"]
[SourceVersion "1"]
[SourceVersionDate "2020.10.23"]
[SourceQuality "1"]

1. d4 d5 2. Nc3 Nf6 3. Nf3 Bf5 4. Nh4 Bg6 5. e3 e6 6. Ne2 Ne4 7. Nf4 Qxh4 8. g3 Qd8 9. Qe2 c6 10. f3 Qa5+ 11. Bd2 Qxd2+ 12. Qxd2 Nxd2 13. Kxd2 Bd6 14. Rd1 Nd7 15. Kc1 a6 16. h4 Bxf4 17. exf4 h6 18. h5 Bh7 19. Rh4 Ke7 20. Bd3 Bxd3 21. Rxd3 c5 22. dxc5 Nxc5 23. Rd4 Rac8 24. Rg4 Kf6 25. f5 exf5 26. Rgf4 Ne6 27. g4 Nxd4 28. Rxd4 fxg4 29. Rf4+ Ke6 30. fxg4 Rc4 31. Rf5 Rxg4 32. b3 Kxf5 0-1

[Event "Niedersachsen-ch op"]
[Site "Verden"]
[Date "2011.01.04"]
[Round "6"]
[White "Mayen, Paul"]
[Black "Schroeder, Mariusz"]
[Result "1/2-1/2"]
[WhiteElo "1066"]
[BlackElo "1435"]
[PlyCount "46"]
[EventDate "2011.01.02"]
[EventType "swiss"]
[EventRounds "7"]
[EventCountry "GER"]
[SourceTitle "EXT 2018"]
[Source "ChessBase"]
[SourceDate "2017.10.13"]
[SourceVersion "1"]
[SourceVersionDate "2017.10.13"]
[SourceQuality "1"]

1. e4 c5 2. Nf3 d6 3. Bc4 Nf6 4. d3 e6 5. 0-0 Be7 6. a3 0-0 7. Nc3 Nc6 8. Ne1 a6 9. f4 b5 10. Ba2 Bb7 11. Rf3 d5 12. Rh3 dxe4 13. Qe2 exd3 14. cxd3 Qc7 15. Ne4 Nd4 16. Nxf6+ Bxf6 17. Qh5 h6 18. f5 Nxf5 19. Qg4 Qe5 20. Bxh6 Nxh6 21. Rxh6 Qd4+ 22. Qxd4 Bxd4+ 23. Kf1 gxh6 1/2-1/2

[Event "Niedersachsen-ch op"]
[Site "Verden"]
[Date "2009.01.06"]
[Round "7"]
[White "Bergmann, Reinhold"]
[Black "Schroeder, Mariusz"]
[Result "1-0"]
[WhiteElo "1944"]
[BlackElo "1340"]
[PlyCount "37"]
[EventDate "2009.01.03"]
[EventType "swiss"]
[EventRounds "7"]
[EventCountry "GER"]
[SourceTitle "EXT 2012"]
[Source "ChessBase"]
[SourceDate "2011.11.24"]
[SourceVersion "1"]
[SourceVersionDate "2011.11.24"]
[SourceQuality "1"]

1. e4 c5 2. Nf3 d6 3. d4 cxd4 4. Qxd4 Nf6 5. Bg5 Nbd7 6. Nc3 e6 7. Bc4 Be7 8. Bb3 Nc5 9. 0-0 a6 10. Rad1 Ncd7 11. e5 dxe5 12. Nxe5 Nxe5 13. Qxe5 Qb6 14. Be3 Qb4 15. a3 Qg4 16. h3 Qg6 17. Qc7 Nd7 18. Rd4 Bc5 19. Rg4 1-0

[Event "Lippe Cup 04th"]
[Site "Lieme"]
[Date "2007.09.29"]
[Round "3"]
[White "Schroeder, Mariusz"]
[Black "Radde, Horst"]
[Result "0-1"]
[WhiteElo "1448"]
[BlackElo "1749"]
[PlyCount "154"]
[EventDate "2007.09.28"]
[EventType "swiss"]
[EventRounds "5"]
[EventCountry "GER"]
[SourceTitle "EXT 2012"]
[Source "ChessBase"]
[SourceDate "2011.11.24"]
[SourceVersion "1"]
[SourceVersionDate "2011.11.24"]
[SourceQuality "1"]

1. d4 d6 2. Nf3 e6 3. Bf4 a6 4. Nbd2 Nd7 5. e4 c5 6. dxc5 Nxc5 7. c3 Nf6 8. e5 dxe5 9. Bxe5 Nd3+ 10. Bxd3 Qxd3 11. Qa4+ Bd7 12. Qd4 Qxd4 13. Bxd4 Be7 14. Ne5 Bc6 15. Nxc6 bxc6 16. Bxf6 Bxf6 17. Ne4 Be7 18. Rd1 Rd8 19. Rxd8+ Kxd8 20. Ke2 Kc7 21. Rd1 a5 22. Nd2 a4 23. Nc4 f6 24. b3 axb3 25. axb3 Ra8 26. Rb1 Ra2+ 27. Rb2 Ra8 28. Nd2 f5 29. c4 c5 30. Nf3 Bf6 31. Rd2 g5 32. Ne1 Ra3 33. Rd3 Bd4 34. Nf3 Bf6 35. Re3 Kd6 36. Rd3+ Ke7 37. Nd2 g4 38. Nb1 Ra2+ 39. Rd2 Ra1 40. Rd1 h5 41. Nd2 Ra8 42. Nf1 Bc3 43. Nd2 h4 44. Kd3 Be5 45. h3 Rd8+ 46. Kc2 Ra8 47. Kd3 Bd4 48. f3 gxh3 49. gxh3 e5 50. Nf1 Rg8 51. Ne3 Ke6 52. Rd2 Rb8 53. Ng2 Rxb3+ 54. Ke2 Rc3 55. Nxh4 Rxc4 56. Ra2 f4 57. Ra6+ Kf7 58. Nf5 Rc2+ 59. Kd3 Rc3+ 60. Ke4 c4 61. Nxd4 exd4 62. Kxd4 Rxf3 63. Rc6 Rxh3 64. Rxc4 Kf6 65. Ke4 Kg5 66. Rc1 Re3+ 67. Kd4 Re8 68. Rg1+ Kh4 69. Rg7 f3 70. Rh7+ Kg3 71. Rg7+ Kf2 72. Kd3 Kf1 73. Rf7 f2 74. Kd2 Rg8 75. Ke3 Rg3+ 76. Kd2 Rg2 77. Rf6 Kg1 0-1

[Event "Lippe Cup 02nd"]
[Site "Lieme"]
[Date "2005.10.08"]
[Round "3"]
[White "Schroeder, Mariusz"]
[Black "Bergmann, Michaela"]
[Result "1-0"]
[WhiteElo "1519"]
[BlackElo "1277"]
[PlyCount "83"]
[EventDate "2005.10.07"]
[EventType "swiss"]
[EventRounds "5"]
[EventCountry "GER"]
[SourceTitle "EXT 2012"]
[Source "ChessBase"]
[SourceDate "2011.11.24"]
[SourceVersion "1"]
[SourceVersionDate "2011.11.24"]
[SourceQuality "1"]

1. d4 Nf6 2. Nf3 e6 3. Bf4 d5 4. e3 c5 5. c3 Be7 6. Bd3 Nbd7 7. Nbd2 0-0 8. Qe2 Re8 9. Bc2 Nf8 10. e4 dxe4 11. Nxe4 cxd4 12. Nxd4 Nxe4 13. Qxe4 e5 14. Bxe5 Bf6 15. f4 Bxe5 16. fxe5 Qe7 17. Nf3 f6 18. 0-0-0 fxe5 19. Rhe1 Ng6 20. h4 Qf6 21. h5 Qf4+ 22. Qxf4 Nxf4 23. Rxe5 Rxe5 24. Nxe5 Be6 25. g4 Re8 26. Rf1 Nd5 27. g5 Ne3 28. Re1 Nxc2 29. Kxc2 Bg4 30. h6 gxh6 31. gxh6 Re6 32. Rg1 Rxe5 33. Rxg4+ Kf8 34. Kd3 Re6 35. Rc4 Kf7 36. Rc8 Re8 37. Rxe8 Kxe8 38. Ke4 Kf7 39. Kf5 Ke7 40. c4 b6 41. b4 a6 42. c5 1-0